| 000 | 00649nam a2200205Ia 4500 | ||
|---|---|---|---|
| 008 | 191130s2000##################000#0#eng## | ||
| 020 | _a9780521631204 | ||
| 040 |
_aACL _cACL |
||
| 082 | _a333.794 CAS | ||
| 100 | _aCassedy, Edward S | ||
| 245 |
_aProspects for sustainable energy : a critical assessment _cEdward S. Cassedy |
||
| 260 |
_aCambridge _bCambridge University Press _c2000 |
||
| 300 | _aix, 284 p. : ill. ; 25 cm | ||
| 500 | _aIncludes bibliographical references and index | ||
| 650 | _aEnergy policy | ||
| 650 | _aRenewable energy sources | ||
| 990 | _a7ba1c839ac10000c4ca0a94260b8b70c | ||
| 991 | _a191170 | ||
| 999 |
_c284800 _d284800 |
||